000 02377nam a2200373 i 4500
001 000028741
003 DO-SdBNP
005 20241114103130.0
007 ta
008 110412t1984 dr ac 001 0 spa d
040 _aDO-SdBNP
_bspa
_cBNPHU
_erda
049 _aBNPD
082 4 _a384.55065
_bL865p
_222
100 1 _aLora Medrano, Luis Eduardo,
_d1921-
_eautor
_4aut.
_955737
245 1 0 _aPetan :
_bla Voz Dominicana, su gente ... sus cosas ... y sus cuentos /
_cLuis Eduardo Lora Medrano.
250 _aPrimera edición
264 4 _aSanto Domingo :
_bEditora Tele 3,
_c1984.
300 _a305 páginas :
_bilustraciones, retratos ;
_c21 cm.
336 _atexto
_btxt
_2rdacontent
337 _asin mediación
_bn
_2rdamedia
338 _avolumen
_bnc
_2rdacarrier
500 _aIncluye datos biográficos del autor en la solapa.
505 0 _aDedicatoria --
_tPrefacio --
_tPalabras del autor --
_tLos agobiantes preparativos --
_tLa primera ópera: "La Traviata" --
_tLlegada de Petán a Bonao --
_tPrimer locutor --
_tDos aniversarios --
_tConstituyó un brillante acontecimiento social la celebración del banquete La Voz del Yuna --
_tCharlando con las hermanas Lagos --
_tLa Voz del Yuna tributa homenaje a Eduardo Brito ante su tumba --
_tOrganización e higiene de ayer --
_tLa Voz Dominicana --
_tEn nuestros recuerdos --
_tEl triunfo de La Voz del Yuna --
_tAceves Mejía, el compradito --
_tDos glorias puertorriqueñas
_tLa presunta madre de Bobby --
_tLas muchachas --
_tLa única camisa rota -
_tSemana aniversario --
_tLos reinados y desfiles --
_tRumores --
_tInvéntese el final, pero termínela --
_tLos saludos al general --
_tMucho dinero --
_tEl préstamo progresivo de Lincoln --
_tEl general y el ascensor .
590 _aInventariado, 2024/BT
600 1 4 _aTrujillo Molina, José Arismendy,
_cPetán,
_d1895-1969
_955738
650 4 _aTeledifusión
_xHistoria
_zRepública Dominicana
_934169
650 4 _aTelevisión en la política
_xHistoria
_zRepública Dominicana
_955739
650 4 _aPolítica y medios de comunicación de masas
_xHistoria
_xRepública Dominicana
_934344
650 4 _aActores y actrices de televisión
_938634
710 2 _aRadioemisora La Voz del Yuna (Bonao, República Dominicana)
_955740
710 2 _aPalacio Radiotelevisor La Voz Dominicana (República Dominicana)
_955741
910 _aValidado. Control de calidad EMS.
942 _2ddc
_cLBS1
999 _c28233
_d28233